|
|
|
|
| LEADER |
00000cam a2200000 i 4500 |
| 001 |
1/73228 |
| 008 |
950510s1950 eng d |
| 020 |
|
|
|a 0-19-724147-6
|
| 035 |
|
|
|l 10003186
|
| 040 |
|
|
|a GR-MY-UA
|b gre
|e aacr
|
| 041 |
0 |
|
|a eng
|
| 082 |
0 |
|
|a 306.8096
|
| 245 |
1 |
0 |
|a African systems of kinship and marriage /
|c edited by A. R. Radcliffe-Brown; Daryll Forde
|
| 260 |
|
|
|a London :
|b Oxford University Press,
|c 1975
|
| 300 |
|
|
|a 399 σ.;
|c 24 εκ.
|
| 504 |
|
|
|a Περιέχει ευρετήριο
|
| 650 |
0 |
0 |
|a Kinship
|z Africa.
|
| 650 |
0 |
0 |
|a Marriage
|z Africa.
|
| 700 |
1 |
|
|a Radcliffe-Brown, A. R.
|q (Alfred Reginald),
|d 1881-1955.
|4 edt
|
| 700 |
1 |
|
|a Forde, Daryll,
|d 1902-1973.
|4 edt
|
| 852 |
|
|
|a INST
|b LESVOS
|e 19950510
|h 306.8096 AFR
|p 005100001053
|q 005100001053
|t BK
|y 0
|
| 852 |
|
|
|a INST
|b LESVOS
|e 20060713
|h 306.8096 AFR
|p 005100036304
|q 005100036304
|t BK
|y 0
|
| 901 |
|
|
|a BIBL1-2006-2
|
| 909 |
|
|
|a Λ
|b 02906
|
| 909 |
|
|
|a Λ
|b 128950
|